[Event "Ruhrgebiet Verbandsklasse Gruppe 2 1718"]
[Site "Germany"]
[Date "2017.09.17"]
[Round "1.2"]
[White "Borchert, Louis"]
[Black "Koenig, Christian"]
[Result "1/2-1/2"]
[WhiteElo "1960"]
[BlackElo "1973"]
[PlyCount "68"]
[EventDate "2017.09.17"]
[EventType "team-tourn"]
[EventRounds "9"]
[EventCountry "GER"]
[SourceTitle "EXT 2022"]
[Source "ChessBase"]
[SourceDate "2021.10.06"]
[SourceVersion "1"]
[SourceVersionDate "2021.10.06"]
[SourceQuality "1"]
[WhiteTeam "Brackel SF II"]
[BlackTeam "Dortmund Matt Inn"]
[WhiteTeamCountry "GER"]
[BlackTeamCountry "GER"]

1. e4 d6 2. d4 Nf6 3. Nc3 c6 4. f3 Nbd7 5. Be3 e5 6. Nge2 b5 7. a3 a6 8. g4 h6 9. Ng3 Qc7 10. Be2 exd4 11. Qxd4 Ne5 12. Rd1 Be6 13. Bc1 0-0-0 14. h3 Bc4 15. f4 Bxe2 16. Kxe2 Nc4 17. b3 Nb6 18. Nf5 c5 19. Qf2 b4 20. Nd5 Nbxd5 21. exd5 Ne4 22. Qf3 Nc3+ 23. Kf2 Nxd1+ 24. Rxd1 g6 25. Bb2 Rg8 26. Ne3 bxa3 27. Bxa3 Bg7 28. Nc4 Rge8 29. Rd2 Qe7 30. Re2 Bd4+ 31. Kf1 Qf6 32. Bc1 Kc7 33. Bd2 Qh8 34. Ba5+ Kb8 1/2-1/2

[Event "Dortmund Sparkassen op-A"]
[Site "Dortmund"]
[Date "2015.07.01"]
[Round "5"]
[White "Ernst, Michael"]
[Black "Koenig, Christian"]
[Result "0-1"]
[WhiteElo "2147"]
[BlackElo "2058"]
[PlyCount "100"]
[EventDate "2015.06.27"]
[EventType "swiss"]
[EventRounds "9"]
[EventCountry "GER"]
[SourceTitle "CBM 167 Extra"]
[Source "ChessBase"]
[SourceDate "2015.09.14"]
[SourceVersion "1"]
[SourceVersionDate "2015.09.14"]
[SourceQuality "1"]

1. d4 d6 2. Nf3 g6 3. c4 Bg7 4. Nc3 Nf6 5. h3 0-0 6. e4 e5 7. d5 a5 8. Bg5 Na6 9. g4 Qe8 10. Nd2 Nd7 11. Rg1 Ndc5 12. h4 f6 13. Be3 Kh8 14. Nb3 b6 15. Nxc5 Nxc5 16. g5 f5 17. f3 fxe4 18. fxe4 c6 19. Qd2 cxd5 20. cxd5 Bd7 21. 0-0-0 Rc8 22. Kb1 b5 23. Bd3 b4 24. Ne2 b3 25. Rc1 bxa2+ 26. Kxa2 Nxd3 27. Qxd3 Rxc1 28. Rxc1 Bb5 29. Qd2 Bxe2 30. Qxe2 Qa4+ 31. Kb1 Qxe4+ 32. Ka1 Qxd5 33. h5 gxh5 34. Qxh5 Qf3 35. Qxf3 Rxf3 36. Rc8+ Rf8 37. Rc6 d5 38. Ra6 d4 39. Bd2 e4 40. Bxa5 e3 41. Re6 Ra8 42. Kb1 Rxa5 43. Re8+ Bf8 44. Rxf8+ Kg7 45. Re8 Rxg5 46. Kc2 Rg2+ 47. Kd3 Rd2+ 48. Kc4 e2 49. b4 d3 50. b5 Rd1 0-1

[Event "Troisdorf op"]
[Site "Troisdorf"]
[Date "2014.10.21"]
[Round "1"]
[White "Spindler, Florian"]
[Black "Koenig, Christian"]
[Result "1-0"]
[WhiteElo "1610"]
[BlackElo "2114"]
[PlyCount "125"]
[EventDate "2014.10.21"]
[EventType "swiss"]
[EventRounds "7"]
[EventCountry "GER"]
[SourceTitle "EXT 2016"]
[Source "ChessBase"]
[SourceDate "2015.10.08"]
[SourceVersion "1"]
[SourceVersionDate "2015.10.08"]
[SourceQuality "1"]

1. d4 d6 2. c4 e5 3. dxe5 dxe5 4. Qxd8+ Kxd8 5. Nf3 f6 6. e4 Be6 7. Be3 Nd7 8. Be2 c6 9. 0-0 g5 10. Rd1 Nh6 11. Nc3 Nf7 12. c5 Kc7 13. b4 Be7 14. Na4 Nf8 15. b5 Ng6 16. b6+ axb6 17. cxb6+ Kc8 18. Nc5 Bxc5 19. Bxc5 Nf4 20. Bf1 f5 21. exf5 Bxf5 22. Be7 Re8 23. Bxg5 Nxg5 24. Nxg5 Rg8 25. h4 Ra4 26. g3 Nd5 27. Nf7 Rg6 28. Nxe5 Re6 29. Nd3 Rg6 30. Kh2 Nxb6 31. Nf4 Rg8 32. Bh3 Bxh3 33. Kxh3 Nd7 34. Ne6 Nf6 35. Rd4 Rxd4 36. Nxd4 Kc7 37. Re1 Nd5 38. f4 c5 39. Re5 Nxf4+ 40. gxf4 cxd4 41. Rd5 Ra8 42. Rxd4 Rxa2 43. f5 b5 44. Kg4 Kc6 45. f6 Rg2+ 46. Kf5 Rf2+ 47. Ke6 Kc5 48. Rd5+ Kc6 49. Rd6+ Kc5 50. Rd7 b4 51. Rb7 Kc4 52. Ke7 b3 53. f7 Re2+ 54. Kd8 Rd2+ 55. Ke7 Re2+ 56. Kf6 Rf2+ 57. Kg7 Kc3 58. f8Q Rxf8 59. Kxf8 b2 60. Kg7 Kc2 61. Kxh7 b1Q 62. Rxb1 Kxb1 63. Kg6 1-0

[Event "Mittelrhein Verbandsliga Ost 1415"]
[Site "Mittelrhein"]
[Date "2014.09.07"]
[Round "1.2"]
[White "Koenig, Christian"]
[Black "Lytchak, Boris"]
[Result "1-0"]
[WhiteElo "2033"]
[BlackElo "2083"]
[PlyCount "63"]
[EventDate "2014.09.07"]
[EventType "team-tourn"]
[EventRounds "11"]
[EventCountry "GER"]
[SourceTitle "EXT 2023"]
[Source "ChessBase"]
[SourceDate "2022.10.05"]
[SourceVersion "1"]
[SourceVersionDate "2022.10.05"]
[SourceQuality "1"]
[WhiteTeam "Lohmar"]
[BlackTeam "Koeln Porz III"]
[WhiteTeamCountry "GER"]
[BlackTeamCountry "GER"]

1. e4 e5 2. Nf3 Nc6 3. Bb5 a6 4. Ba4 Nf6 5. 0-0 Be7 6. Re1 b5 7. Bb3 d6 8. c3 0-0 9. h3 Nb8 10. d4 Nbd7 11. Nbd2 Bb7 12. Bc2 Re8 13. a3 Bf8 14. b4 g6 15. Bb2 Bg7 16. dxe5 dxe5 17. c4 c5 18. Qe2 Qb6 19. Rab1 Nh5 20. g3 cxb4 21. Kh2 b3 22. Bxb3 b4 23. Ba4 Rad8 24. axb4 Qxb4 25. Bxd7 Rxd7 26. Bxe5 Qe7 27. Bxg7 Nxg7 28. Rb3 Ne6 29. Nb1 Nc5 30. Re3 Nxe4 31. Nfd2 Nxd2 32. Nxd2 1-0

[Event "Dortmund Sparkassen op-A"]
[Site "Dortmund"]
[Date "2014.07.15"]
[Round "4"]
[White "Henrichs, Thomas"]
[Black "Koenig, Christian"]
[Result "1-0"]
[WhiteElo "2493"]
[BlackElo "2134"]
[PlyCount "47"]
[EventDate "2014.07.12"]
[EventType "swiss"]
[EventRounds "9"]
[EventCountry "GER"]
[SourceTitle "CBM 161 Extra"]
[Source "ChessBase"]
[SourceDate "2014.08.29"]
[SourceVersion "1"]
[SourceVersionDate "2014.08.29"]
[SourceQuality "1"]

1. d4 e6 2. c4 b6 3. e4 Bb7 4. Bd3 Bb4+ 5. Bd2 Bxd2+ 6. Nxd2 Qf6 7. Ngf3 Nc6 8. e5 Qf4 9. g3 Qh6 10. 0-0 f6 11. Re1 0-0-0 12. Ne4 Nge7 13. Bf1 Ng6 14. exf6 gxf6 15. d5 Nce5 16. Nxe5 Nxe5 17. f4 Nf7 18. a4 Rhg8 19. Bg2 f5 20. Nf2 e5 21. fxe5 f4 22. Ra3 fxg3 23. hxg3 Qg7 24. Qh5 1-0

[Event "Dortmund Sparkassen op-A"]
[Site "Dortmund"]
[Date "2014.07.14"]
[Round "3"]
[White "Ozerov, Ilja"]
[Black "Koenig, Christian"]
[Result "0-1"]
[WhiteElo "2118"]
[BlackElo "2134"]
[PlyCount "66"]
[EventDate "2014.07.12"]
[EventType "swiss"]
[EventRounds "9"]
[EventCountry "GER"]
[SourceTitle "CBM 161 Extra"]
[Source "ChessBase"]
[SourceDate "2014.08.29"]
[SourceVersion "1"]
[SourceVersionDate "2014.08.29"]
[SourceQuality "1"]

1. e4 e6 2. d3 c5 3. Nc3 d5 4. exd5 exd5 5. g3 d4 6. Ne4 Nf6 7. Bg2 Nxe4 8. dxe4 Nc6 9. Ne2 h5 10. h3 h4 11. g4 g6 12. Nf4 Bg7 13. Nd5 Be6 14. 0-0 0-0 15. Bf4 Rc8 16. Qd2 f5 17. Bg5 Qd7 18. Nf4 fxg4 19. Nxg6 gxh3 20. Nxf8 Rxf8 21. Bh1 Bc4 22. Kh2 Bxf1 23. Rxf1 Ne5 24. f3 Ng4+ 25. Kg1 h2+ 26. Kg2 h3+ 27. Kg3 Be5+ 28. f4 Ne3 29. Qe2 Qg7 30. Kxh3 Qh7+ 31. Kg3 Nxf1+ 32. Qxf1 Qh5 33. Kg2 Qg4+ 0-1

[Event "Mittelrhein Verbandsliga Ost 1314"]
[Site "Mittelrhein"]
[Date "2013.09.15"]
[Round "1.1"]
[White "Koenig, Christian"]
[Black "Riemann, Claus"]
[Result "0-1"]
[WhiteElo "2056"]
[BlackElo "2121"]
[PlyCount "54"]
[EventDate "2013.09.15"]
[EventType "team-tourn"]
[EventRounds "11"]
[EventCountry "GER"]
[SourceTitle "EXT 2023"]
[Source "ChessBase"]
[SourceDate "2022.10.05"]
[SourceVersion "1"]
[SourceVersionDate "2022.10.05"]
[SourceQuality "1"]
[WhiteTeam "Lohmar"]
[BlackTeam "Bonn Empor Maulwurf"]
[WhiteTeamCountry "GER"]
[BlackTeamCountry "GER"]

1. e4 e5 2. Nf3 Nc6 3. Bc4 Nf6 4. d4 exd4 5. Ng5 Ne5 6. Bb3 h6 7. f4 hxg5 8. fxe5 Nxe4 9. Bd5 f5 10. exf6 Nxf6 11. Bxg5 Qe7+ 12. Kf2 Ne4+ 13. Bxe4 Qxg5 14. Qd3 Be7 15. Nd2 0-0+ 16. Nf3 d5 17. Kg1 Qh5 18. Bg6 Qh6 19. Re1 Bd6 20. h4 Bg4 21. Ng5 Bf4 22. Bh7+ Kh8 23. Qxd4 Qd6 24. g3 Bxg3 25. Qxg4 Bxe1 26. Kg2 Rae8 27. Qh5 Qg3# 0-1

[Event "Dortmund Sparkassen op-A"]
[Site "Dortmund"]
[Date "2013.07.30"]
[Round "4"]
[White "Torres Kuckel, Rafael"]
[Black "Koenig, Christian"]
[Result "1-0"]
[WhiteElo "2269"]
[BlackElo "2114"]
[PlyCount "41"]
[EventDate "2013.07.27"]
[EventType "swiss"]
[EventRounds "9"]
[EventCountry "GER"]
[SourceTitle "CBM 155 Extra"]
[Source "ChessBase"]
[SourceDate "2013.08.26"]
[SourceVersion "1"]
[SourceVersionDate "2013.08.26"]
[SourceQuality "1"]

1. e4 c5 2. Nf3 e6 3. d4 cxd4 4. Nxd4 a6 5. Nc3 Qc7 6. Bd3 Nf6 7. Qe2 d6 8. 0-0 Be7 9. Kh1 b5 10. a3 Nbd7 11. f4 Bb7 12. Bd2 h5 13. Nf3 Rc8 14. Rae1 e5 15. a4 b4 16. Nd5 Bxd5 17. exd5 a5 18. fxe5 Nxd5 19. e6 Nc5 20. exf7+ Kd8 21. Nd4 1-0

[Event "Bayern-chI Bank Hofmann 16th"]
[Site "Bad Wiessee"]
[Date "2012.10.28"]
[Round "2"]
[White "Koenig, Christian"]
[Black "Chatalbashev, Boris"]
[Result "1/2-1/2"]
[WhiteElo "2113"]
[BlackElo "2535"]
[PlyCount "45"]
[EventDate "2012.10.27"]
[EventType "swiss"]
[EventRounds "9"]
[EventCountry "GER"]
[SourceTitle "EXT 2013"]
[Source "ChessBase"]
[SourceDate "2012.11.22"]
[SourceVersion "1"]
[SourceVersionDate "2012.11.22"]
[SourceQuality "1"]

1. e4 d5 2. exd5 Qxd5 3. Nf3 Bg4 4. Be2 Nc6 5. d4 0-0-0 6. c4 Qh5 7. Be3 e5 8. d5 e4 9. Ng5 Bb4+ 10. Nc3 Nf6 11. Bxg4+ Nxg4 12. Nxf7 Qf5 13. Nxd8 Nce5 14. Ne6 Nd3+ 15. Kd2 Nxe3 16. fxe3 Nxb2 17. Qe2 Na4 18. Rac1 c5 19. Rc2 Qf6 20. Rhc1 h5 21. Qe1 h4 22. h3 Rh5 23. g4 1/2-1/2

[Event "Bad Godesberg op 16th"]
[Site "Bad Godesberg"]
[Date "2012.07.12"]
[Round "6"]
[White "Koenig, Christian"]
[Black "Zens, Rolf"]
[Result "1-0"]
[WhiteElo "2104"]
[BlackElo "1841"]
[PlyCount "33"]
[EventDate "2012.07.07"]
[EventType "swiss"]
[EventRounds "9"]
[EventCountry "GER"]
[SourceTitle "CBM 149 Extra"]
[Source "ChessBase"]
[SourceDate "2012.08.24"]
[SourceVersion "1"]
[SourceVersionDate "2012.08.24"]
[SourceQuality "1"]

1. e4 c5 2. Nf3 d6 3. d4 cxd4 4. Nxd4 Nf6 5. Nc3 a6 6. Be2 e6 7. f4 Be7 8. Be3 Qc7 9. 0-0 Nc6 10. Qe1 0-0 11. Qg3 Re8 12. Kh1 Bd7 13. Rae1 b5 14. e5 dxe5 15. fxe5 Nd5 16. Nxd5 exd5 17. e6 1-0

[Event "Bad Godesberg op 16th"]
[Site "Bad Godesberg"]
[Date "2012.07.11"]
[Round "5"]
[White "Rotstein, Jefim"]
[Black "Koenig, Christian"]
[Result "1-0"]
[WhiteElo "2320"]
[BlackElo "2104"]
[PlyCount "59"]
[EventDate "2012.07.07"]
[EventType "swiss"]
[EventRounds "9"]
[EventCountry "GER"]
[SourceTitle "CBM 149 Extra"]
[Source "ChessBase"]
[SourceDate "2012.08.24"]
[SourceVersion "1"]
[SourceVersionDate "2012.08.24"]
[SourceQuality "1"]

1. d4 e6 2. g3 c5 3. Nf3 b6 4. Bg2 Bb7 5. Bg5 Nf6 6. 0-0 Be7 7. c4 cxd4 8. Nxd4 Bxg2 9. Kxg2 0-0 10. Nc3 Qc8 11. Rc1 a6 12. e4 d6 13. f3 Nbd7 14. Qe2 h6 15. Be3 Qb7 16. Rfd1 Rfc8 17. b3 Bf8 18. g4 d5 19. cxd5 exd5 20. Nxd5 Nxd5 21. exd5 Rxc1 22. Bxc1 Nf6 23. Nf5 Nxd5 24. Qe4 Rd8 25. Rd4 Rd7 26. h4 Nf6 27. Qxb7 Rxb7 28. Rd8 b5 29. Bb2 Rb6 30. Ne7+ 1-0